00298nam a2200085 a 4500008004100000050001500041245004100056246010600097350000900203120416s9999 xx |||||||||||||| || u aTD 653 Ins10aSafety in sewers and at sewage works arecommendations for the safety of men working in sewers, manholes, pumping stations and at sewage ... a0.00